[Event "Barcelona Tres Peons-H 45th"]
[Site "Barcelona"]
[Date "2016.06.03"]
[Round "8.4"]
[White "Jover Font, Pau"]
[Black "Abad Sanmartin, Jorge"]
[Result "1/2-1/2"]
[WhiteElo "2032"]
[BlackElo "2077"]
[PlyCount "34"]
[EventDate "2016.04.15"]
[EventType "swiss"]
[EventRounds "9"]
[EventCountry "ESP"]
[SourceTitle "EXT 2024"]
[Source "ChessBase"]
[SourceDate "2023.10.10"]
[SourceVersion "1"]
[SourceVersionDate "2023.10.10"]
[SourceQuality "1"]

1. c4 e6 2. Nc3 Nf6 3. g3 d5 4. cxd5 exd5 5. Bg2 c6 6. Nf3 Bd6 7. 0-0 Be6 8. a3 Qd7 9. Re1 0-0 10. b4 a5 11. Rb1 Qe7 12. bxa5 Rxa5 13. a4 Na6 14. Nd4 Nc5 15. Ba3 Rfa8 16. Bb4 R5a7 17. a5 Nce4 1/2-1/2

[Event "Barcelona Guinardo op 5th"]
[Site "Barcelona"]
[Date "2016.01.03"]
[Round "7"]
[White "Jover Font, Pau"]
[Black "Tallo Dominguez, Imar"]
[Result "0-1"]
[WhiteElo "1984"]
[BlackElo "2242"]
[PlyCount "66"]
[EventDate "2015.12.27"]
[EventType "swiss"]
[EventRounds "9"]
[EventCountry "ESP"]
[SourceTitle "CBM 170 Extra"]
[Source "ChessBase"]
[SourceDate "2016.02.25"]
[SourceVersion "1"]
[SourceVersionDate "2016.02.25"]
[SourceQuality "1"]

1. c4 f5 2. Nc3 Nf6 3. d4 e6 4. g3 Bb4 5. Bg2 0-0 6. Qc2 c6 7. a3 Be7 8. Nf3 d5 9. b3 b6 10. 0-0 Ne4 11. cxd5 exd5 12. Bf4 Bb7 13. h4 Nd7 14. Ne5 Nxe5 15. Bxe5 Rc8 16. f3 Nxc3 17. Qxc3 Bd6 18. f4 Bxe5 19. fxe5 c5 20. Qd3 cxd4 21. Rxf5 Rc3 22. Rxf8+ Qxf8 23. Qxd4 Qc5 24. Qxc5 bxc5 25. Rd1 Kf7 26. Bxd5+ Bxd5 27. Rxd5 Ke6 28. Rd3 Rxd3 29. exd3 Kxe5 30. Kf2 Kd4 31. Ke2 Kc3 32. Ke3 Kxb3 33. Ke4 Kxa3 0-1

[Event "Barcelona Guinardo op 5th"]
[Site "Barcelona"]
[Date "2015.12.30"]
[Round "4"]
[White "Brusi Noguera, Ricardo Ll"]
[Black "Jover Font, Pau"]
[Result "1/2-1/2"]
[WhiteElo "2091"]
[BlackElo "1984"]
[PlyCount "91"]
[EventDate "2015.12.27"]
[EventType "swiss"]
[EventRounds "9"]
[EventCountry "ESP"]
[SourceTitle "CBM 170 Extra"]
[Source "ChessBase"]
[SourceDate "2016.02.25"]
[SourceVersion "1"]
[SourceVersionDate "2016.02.25"]
[SourceQuality "1"]

1. d4 Nf6 2. c4 e6 3. Nc3 Bb4 4. e3 b6 5. Nge2 Bb7 6. a3 Be7 7. d5 d6 8. Ng3 Nbd7 9. Be2 0-0 10. 0-0 Re8 11. e4 Bf8 12. b4 g6 13. dxe6 Rxe6 14. Be3 Bg7 15. Rc1 h5 16. Bg5 Nf8 17. f4 N8h7 18. Bh4 Qd7 19. Qc2 Rae8 20. f5 Re5 21. fxg6 fxg6 22. Bxf6 Nxf6 23. Bf3 h4 24. Nh1 Bxe4 25. Nxe4 Nxe4 26. Nf2 Nxf2 27. Qxf2 Qe7 28. Bd5+ Kh7 29. a4 Qg5 30. Rcd1 Qe3 31. Qxe3 Rxe3 32. Rf7 R8e7 33. Rxe7 Rxe7 34. Kf2 Be5 35. g3 Kh6 36. Rd3 hxg3+ 37. hxg3 Kg5 38. b5 Kg4 39. Kg2 Bb2 40. Bf3+ Kf5 41. Rd5+ Re5 42. Rd2 Bc3 43. Rd3 Bb4 44. Bd5 Re2+ 45. Kh3 Rf2 46. Re3 1/2-1/2

[Event "Badalona op-B 41st"]
[Site "Badalona"]
[Date "2015.08.03"]
[Round "2"]
[White "Martin Villanova, Jordi"]
[Black "Jover Font, Pau"]
[Result "0-1"]
[WhiteElo "2062"]
[BlackElo "2145"]
[PlyCount "64"]
[EventDate "2015.08.02"]
[EventType "swiss"]
[EventRounds "9"]
[EventCountry "ESP"]
[SourceTitle "EXT 2016"]
[Source "ChessBase"]
[SourceDate "2015.10.08"]
[SourceVersion "1"]
[SourceVersionDate "2015.10.08"]
[SourceQuality "1"]

1. Nf3 Nc6 2. c4 e5 3. Nc3 f5 4. d3 Nf6 5. g3 Bc5 6. Na4 Be7 7. Bg2 0-0 8. a3 a5 9. 0-0 Kh8 10. Bd2 Qe8 11. Bc3 d6 12. h3 Qh5 13. e3 Be6 14. Nd2 Qh6 15. b4 axb4 16. axb4 f4 17. exf4 Bxh3 18. b5 Nd8 19. Re1 Ng4 20. Nf1 Ne6 21. f3 Nf6 22. fxe5 dxe5 23. Bxe5 Ng5 24. Bxc7 Ng4 25. Bf4 Bxg2 26. Kxg2 Rxf4 27. fxg4 Qh3+ 28. Kg1 Rf7 29. Re3 Bf6 30. Ra2 Bd4 31. Rh2 Bxe3+ 32. Nxe3 Qxg3+ 0-1

[Event "Foment Martinenc op-A 17th"]
[Site "Barcelona"]
[Date "2015.05.30"]
[Round "6"]
[White "Jover Font, Pau"]
[Black "Ros Montes, Daniel"]
[Result "1-0"]
[WhiteElo "2002"]
[BlackElo "2010"]
[PlyCount "97"]
[EventDate "2015.04.25"]
[EventType "swiss"]
[EventRounds "9"]
[EventCountry "ESP"]
[SourceTitle "EXT 2017"]
[Source "ChessBase"]
[SourceDate "2016.10.25"]
[SourceVersion "1"]
[SourceVersionDate "2016.10.25"]
[SourceQuality "1"]

1. e4 e6 2. d4 d5 3. Nd2 Nf6 4. e5 Nfd7 5. Bd3 c5 6. c3 Nc6 7. Ngf3 cxd4 8. cxd4 Qb6 9. 0-0 Nxd4 10. Nxd4 Qxd4 11. Nf3 Qb6 12. Qa4 Qb4 13. Qc2 Qc5 14. Qa4 a6 15. Qg4 Qc7 16. Bf4 Nc5 17. Rac1 Qb6 18. Be3 a5 19. Qd4 Bd7 20. Rxc5 Bxc5 21. Qxc5 Qxc5 22. Bxc5 Rc8 23. Bd6 f6 24. Nd4 Kf7 25. f4 f5 26. g4 g6 27. h3 Rhg8 28. Kf2 h6 29. Ke3 Rg7 30. Nb3 b6 31. Nd4 Rgg8 32. Rb1 Ra8 33. Bc7 b5 34. Nxb5 Bxb5 35. Bxb5 Rgc8 36. Bd6 Rc2 37. Be2 Rac8 38. a4 Rc1 39. Rxc1 Rxc1 40. b4 axb4 41. Bxb4 Rh1 42. gxf5 Rxh3+ 43. Kd4 gxf5 44. a5 Rh2 45. Ke3 Rh3+ 46. Bf3 d4+ 47. Kf2 Rh2+ 48. Bg2 Rh4 49. Bd2 1-0

[Event "Foment Martinenc op-A 17th"]
[Site "Barcelona"]
[Date "2015.05.09"]
[Round "3"]
[White "Orteu Capdevila, Max"]
[Black "Jover Font, Pau"]
[Result "1-0"]
[WhiteElo "2153"]
[BlackElo "2002"]
[PlyCount "49"]
[EventDate "2015.04.25"]
[EventType "swiss"]
[EventRounds "9"]
[EventCountry "ESP"]
[SourceTitle "EXT 2017"]
[Source "ChessBase"]
[SourceDate "2016.10.25"]
[SourceVersion "1"]
[SourceVersionDate "2016.10.25"]
[SourceQuality "1"]

1. e4 e5 2. Nf3 Nc6 3. Bb5 a6 4. Ba4 b5 5. Bb3 Nf6 6. d4 Nxd4 7. Nxd4 exd4 8. e5 Qe7 9. 0-0 Ng8 10. Qf3 Rb8 11. Bg5 f6 12. exf6 Nxf6 13. Nd2 Bb7 14. Qg3 Qc5 15. Rfe1+ Kd8 16. Re5 Qb6 17. Rae1 Bd6 18. Bxf6+ gxf6 19. Re8+ Rxe8 20. Rxe8+ Kxe8 21. Qg8+ Ke7 22. Qf7+ Kd8 23. Qxf6+ Ke8 24. Bf7+ Kf8 25. Be6+ 1-0

[Event "Barcelona U2000 op"]
[Site "Barcelona"]
[Date "2013.06.23"]
[Round "3.8"]
[White "Romero Gamez, Francisco Javier"]
[Black "Jover Font, Pau"]
[Result "1-0"]
[WhiteElo "1696"]
[BlackElo "1966"]
[PlyCount "123"]
[EventDate "2013.06.22"]
[EventType "swiss"]
[EventRounds "7"]
[EventCountry "ESP"]
[SourceTitle "EXT 2024"]
[Source "ChessBase"]
[SourceDate "2023.10.10"]
[SourceVersion "1"]
[SourceVersionDate "2023.10.10"]
[SourceQuality "1"]

1. e4 e5 2. Nf3 Nc6 3. Bb5 g6 4. 0-0 Bg7 5. c3 Nge7 6. d3 0-0 7. Nbd2 d6 8. Re1 h6 9. Nf1 Kh7 10. Be3 f5 11. exf5 Bxf5 12. h3 g5 13. Ng3 Be6 14. d4 Kh8 15. Bxc6 bxc6 16. dxe5 dxe5 17. Bc5 Ng6 18. Bxf8 Qxf8 19. Nh5 g4 20. Nxg7 Qxg7 21. hxg4 Bxg4 22. Qd3 Rf8 23. Nh2 Nf4 24. Qg3 Ne2+ 25. Rxe2 Bxe2 26. Qxg7+ Kxg7 27. Re1 Bc4 28. b3 Bf7 29. Rxe5 Rd8 30. Nf3 Rd3 31. Re7 Rxc3 32. Rxc7 Kf6 33. Rxa7 Bd5 34. Ra4 h5 35. Kf1 Kf5 36. Nh4+ Kg5 37. g3 Rc2 38. Ra5 Kg4 39. Ra4+ Kh3 40. Nf3 Rc1+ 41. Ne1 Bg2+ 42. Ke2 Kh2 43. Rh4+ Kg1 44. Rxh5 Bf1+ 45. Kd2 Ra1 46. Ra5 Kxf2 47. Nd3+ Kxg3 48. Nb4 Bg2 49. Rg5+ Kf3 50. Rxg2 Kxg2 51. Kc2 Kf3 52. Kb2 Rxa2+ 53. Nxa2 Ke4 54. Nc3+ Kd4 55. Na4 Kd3 56. Ka3 Ke4 57. Kb4 Kd4 58. Nc5 Kd5 59. Na6 Kd4 60. Ka5 c5 61. Kb5 Kc3 62. Nxc5 1-0

[Event "Barcelona Tres Peons op-A 15th"]
[Site "Barcelona"]
[Date "2013.01.11"]
[Round "1"]
[White "Leiro Giralt, Daniel"]
[Black "Jover Font, Pau"]
[Result "1/2-1/2"]
[WhiteElo "2187"]
[BlackElo "1912"]
[PlyCount "23"]
[EventDate "2013.01.11"]
[EventType "swiss"]
[EventRounds "9"]
[EventCountry "ESP"]
[SourceTitle "EXT 2014"]
[Source "ChessBase"]
[SourceDate "2013.11.20"]
[SourceVersion "1"]
[SourceVersionDate "2013.11.20"]
[SourceQuality "1"]

1. e4 e5 2. Nf3 Nc6 3. Nc3 Nf6 4. a3 d5 5. Bb5 Qd6 6. exd5 Nxd5 7. Qe2 Nxc3 8. bxc3 f6 9. d4 Bg4 10. dxe5 Bxf3 11. exd6+ Bxe2 12. Kxe2 1/2-1/2

[Event "Barcelona Sant Marti op-B 14th"]
[Site "Barcelona"]
[Date "2012.07.20"]
[Round "8"]
[White "Vidal Rius, Enric"]
[Black "Jover Font, Pau"]
[Result "0-1"]
[WhiteElo "1955"]
[BlackElo "1838"]
[PlyCount "50"]
[EventDate "2012.07.13"]
[EventType "swiss"]
[EventRounds "9"]
[EventCountry "ESP"]
[SourceTitle "CBM 149 Extra"]
[Source "ChessBase"]
[SourceDate "2012.08.24"]
[SourceVersion "1"]
[SourceVersionDate "2012.08.24"]
[SourceQuality "1"]

1. f4 d5 2. Nf3 Bg4 3. e3 Nd7 4. h3 Bxf3 5. Qxf3 Ngf6 6. Nc3 c6 7. g4 e5 8. g5 e4 9. Qe2 Ng8 10. h4 f5 11. b3 Ne7 12. Bh3 Qa5 13. Bb2 0-0-0 14. 0-0-0 b5 15. Kb1 Nc5 16. d3 b4 17. Nxe4 dxe4 18. d4 Nb7 19. Qc4 Kb8 20. c3 bxc3 21. Bxc3 Qb5 22. Qf7 Nd6 23. Qh5 g6 24. Bf1 gxh5 25. Bxb5 Nxb5 0-1

[Event "Barcelona Sant Marti op-B 14th"]
[Site "Barcelona"]
[Date "2012.07.18"]
[Round "6"]
[White "Castrillo Mansego, Pablo"]
[Black "Jover Font, Pau"]
[Result "1-0"]
[WhiteElo "1969"]
[BlackElo "1838"]
[PlyCount "145"]
[EventDate "2012.07.13"]
[EventType "swiss"]
[EventRounds "9"]
[EventCountry "ESP"]
[SourceTitle "CBM 149 Extra"]
[Source "ChessBase"]
[SourceDate "2012.08.24"]
[SourceVersion "1"]
[SourceVersionDate "2012.08.24"]
[SourceQuality "1"]

1. e4 e5 2. Nf3 Nc6 3. Nc3 Nf6 4. d4 exd4 5. Nxd4 Bb4 6. Nxc6 bxc6 7. Bd3 d5 8. exd5 cxd5 9. 0-0 0-0 10. Bg5 c6 11. Ne2 Bg4 12. c3 Be7 13. Qa4 Qd7 14. Nd4 c5 15. Qxd7 Bxd7 16. Nf5 Bd8 17. Rfe1 Be6 18. Bf4 Ne8 19. Rad1 g6 20. Ne3 Bc7 21. Bh6 Ng7 22. Bb5 Rab8 23. a4 d4 24. cxd4 cxd4 25. Rxd4 Be5 26. Rd2 Rfd8 27. Red1 Rxd2 28. Rxd2 Bb3 29. Rd3 Be6 30. b3 Nf5 31. Nxf5 Bxf5 32. Rd5 Bc7 33. Bc4 Be6 34. Rb5 Rxb5 35. axb5 Bd7 36. f4 Bb6+ 37. Kf1 Bd4 38. Ke2 Bg7 39. Bxg7 Kxg7 40. Ke3 Kf6 41. Kd4 Kf5 42. g3 Kg4 43. Kc5 Kh3 44. Kd6 Bf5 45. Kc7 Kxh2 46. g4 Bxg4 47. Kb8 Bf3 48. Bxf7 Kg3 49. Kxa7 Kxf4 50. b6 g5 51. b7 Bxb7 52. Kxb7 g4 53. b4 h5 54. b5 h4 55. b6 g3 56. Bd5 h3 57. Kc6 g2 58. b7 g1Q 59. b8Q+ Kf5 60. Qf8+ Ke5 61. Qh8+ Kf4 62. Qb8+ Kf5 63. Qf8+ Ke5 64. Qd6+ Kf5 65. Qe6+ Kf4 66. Qf6+ Kg3 67. Qe5+ Kf2 68. Qd4+ Kf1 69. Qd1+ Kf2 70. Qf3+ Ke1 71. Qc3+ Kf2 72. Qd2+ Kf1 73. Bc4# 1-0

[Event "Montseny op 3rd"]
[Site "Montseny"]
[Date "2012.05.26"]
[Round "7"]
[White "Turuguet Lopez, Josep Lluis"]
[Black "Jover Font, Pau"]
[Result "1/2-1/2"]
[WhiteElo "1946"]
[BlackElo "1788"]
[PlyCount "119"]
[EventDate "2012.04.14"]
[EventType "swiss"]
[EventRounds "8"]
[EventCountry "ESP"]
[SourceTitle "CBM 148 Extra"]
[Source "ChessBase"]
[SourceDate "2012.06.22"]
[SourceVersion "1"]
[SourceVersionDate "2012.06.22"]
[SourceQuality "1"]

1. e4 e5 2. Nf3 Nc6 3. Bc4 Bc5 4. 0-0 Nf6 5. d3 d6 6. h3 Be6 7. Bxe6 fxe6 8. Bg5 h6 9. Bxf6 Qxf6 10. c3 a6 11. b4 Ba7 12. a4 Ne7 13. Na3 g5 14. d4 exd4 15. cxd4 Ng6 16. e5 dxe5 17. dxe5 Nxe5 18. Nxe5 Qxe5 19. Qh5+ Ke7 20. Rad1 Raf8 21. Nc4 Qf4 22. Qe2 Rf5 23. Rd3 Rhf8 24. Rf3 Qd4 25. Rd1 Qf6 26. Qd3 Rd5 27. Qh7+ Rf7 28. Qxf7+ Qxf7 29. Rxf7+ Kxf7 30. Rxd5 exd5 31. Na5 b5 32. axb5 axb5 33. Nc6 Bb6 34. Ne5+ Ke6 35. Nd3 Kf5 36. Kf1 Ke4 37. Ke2 Kd4 38. f4 gxf4 39. Nxf4 Kc4 40. g4 c6 41. Nd3 Bd4 42. Kd2 Bf6 43. Kc2 Bg5 44. Ne5+ Kxb4 45. Nxc6+ Kc4 46. Ne5+ Kd4 47. Nf7 Ke3 48. h4 Bxh4 49. Nxh6 Ke2 50. Nf5 Bf6 51. g5 Bxg5 52. Nd4+ Ke3 53. Nxb5 Bf6 54. Nc7 d4 55. Nd5+ Ke2 56. Nxf6 d3+ 57. Kb2 Ke3 58. Nd5+ Kf2 59. Kc3 Ke2 60. Nf4+ 1/2-1/2

[Event "Montseny op 3rd"]
[Site "Montseny"]
[Date "2012.05.12"]
[Round "5"]
[White "Espuny Vinye, Ramon"]
[Black "Jover Font, Pau"]
[Result "0-1"]
[WhiteElo "2016"]
[BlackElo "1788"]
[PlyCount "110"]
[EventDate "2012.04.14"]
[EventType "swiss"]
[EventRounds "8"]
[EventCountry "ESP"]
[SourceTitle "CBM 148 Extra"]
[Source "ChessBase"]
[SourceDate "2012.06.22"]
[SourceVersion "1"]
[SourceVersionDate "2012.06.22"]
[SourceQuality "1"]

1. c4 e5 2. Nc3 f5 3. Nf3 Nc6 4. d4 e4 5. Nd2 Nf6 6. e3 Be7 7. a3 0-0 8. b4 Kh8 9. Bb2 d5 10. cxd5 Nxd5 11. Nxd5 Qxd5 12. Bc4 Qd6 13. 0-0 Bf6 14. Qb3 Bd7 15. Bc3 Ne7 16. b5 c5 17. dxc5 Qxc5 18. Bb4 Qe5 19. a4 Rfd8 20. Rad1 Ng6 21. Bf7 Be8 22. Bxe8 Qxe8 23. Nc4 Qf7 24. Na5 Qxb3 25. Nxb3 b6 26. a5 Ne5 27. Bc3 Kg8 28. axb6 axb6 29. Rxd8+ Rxd8 30. Bd4 Rd5 31. Nd2 Rxb5 32. Rb1 Rxb1+ 33. Nxb1 Nd7 34. Bxf6 Nxf6 35. Nc3 Kf7 36. Kf1 Ke6 37. Ke2 Kd6 38. Nb5+ Kc5 39. Nd4 g6 40. h3 Kc4 41. Kd2 b5 42. Kc2 Nd5 43. Ne6 Nb4+ 44. Kd2 Nd3 45. f3 exf3 46. gxf3 h6 47. h4 Ne5 48. Nd4 b4 49. Kc2 f4 50. h5 fxe3 51. hxg6 Nxg6 52. Nf5 e2 53. Kd2 Nf4 54. Ne3+ Kb3 55. Nf5 Ka2 0-1

[Event "La Pobla de Lillet op 21st"]
[Site "La Pobla de Lillet"]
[Date "2011.08.09"]
[Round "8"]
[White "Jover Font, Pau"]
[Black "Garcia Castellote, Daniel"]
[Result "1-0"]
[WhiteElo "1712"]
[BlackElo "2004"]
[PlyCount "75"]
[EventDate "2011.08.02"]
[EventType "swiss"]
[EventRounds "9"]
[EventCountry "ESP"]
[SourceTitle "EXT 2015"]
[Source "ChessBase"]
[SourceDate "2014.11.20"]
[SourceVersion "1"]
[SourceVersionDate "2014.11.20"]
[SourceQuality "1"]

1. e4 c5 2. Nc3 Nc6 3. g3 g6 4. Bg2 Bg7 5. Nge2 e5 6. 0-0 Nge7 7. d3 0-0 8. Be3 d6 9. Qd2 Nd4 10. f4 Be6 11. Rf2 f5 12. Raf1 Qd7 13. fxe5 Nxe2+ 14. Nxe2 Bxe5 15. Bh6 Rfe8 16. b3 d5 17. Qg5 dxe4 18. dxe4 Bg7 19. Bxg7 Kxg7 20. Nf4 h6 21. Nxe6+ Qxe6 22. Qe3 b6 23. Qc3+ Kh7 24. exf5 Nxf5 25. Bxa8 Rxa8 26. g4 Nd4 27. h3 Re8 28. Qc4 Qe3 29. Qf7+ Kh8 30. Qxe8+ Qxe8 31. Rf8+ Qxf8 32. Rxf8+ Kg7 33. Rf2 g5 34. c3 Ne6 35. Rd2 Kf6 36. Rd7 Nf4 37. Kh2 Ne2 38. c4 1-0

[Event "Catalunya-ch U20"]
[Site "Vila Seca"]
[Date "2011.04.23"]
[Round "6"]
[White "Vidal Zamora, Alex"]
[Black "Jover Font, Pau"]
[Result "1-0"]
[WhiteElo "2128"]
[BlackElo "1712"]
[PlyCount "61"]
[EventDate "2011.04.20"]
[EventType "swiss"]
[EventRounds "8"]
[EventCountry "ESP"]
[SourceTitle "EXT 2012"]
[Source "ChessBase"]
[SourceDate "2011.11.24"]
[SourceVersion "1"]
[SourceVersionDate "2011.11.24"]
[SourceQuality "1"]

1. e4 e5 2. Nf3 Nc6 3. Bb5 g6 4. c3 Bg7 5. d4 d6 6. d5 a6 7. Qa4 Bg4 8. Bxc6+ bxc6 9. Qxc6+ Bd7 10. Qc4 Ne7 11. a4 h6 12. Nbd2 0-0 13. Nf1 f5 14. exf5 gxf5 15. Ng3 Ng6 16. 0-0 e4 17. Ne1 Ne5 18. Qe2 f4 19. Nxe4 f3 20. Nxf3 Nxf3+ 21. gxf3 Bh3 22. Re1 Qd7 23. Kh1 Rae8 24. Rg1 Kh7 25. Be3 Be5 26. Bd4 Bxd4 27. cxd4 Qf5 28. Rg3 Qh5 29. Rag1 Rf4 30. Qe3 Ref8 31. Qxf4 1-0

[Event "Cerdanyola del Valles op 28th"]
[Site "Cerdanyola del Valles"]
[Date "2010.10.23"]
[Round "4"]
[White "Jover Font, Pau"]
[Black "Mata Gutierrez, Alex"]
[Result "0-1"]
[WhiteElo "1724"]
[BlackElo "1631"]
[PlyCount "54"]
[EventDate "2010.10.02"]
[EventType "swiss"]
[EventRounds "7"]
[EventCountry "ESP"]
[SourceTitle "EXT 2012"]
[Source "ChessBase"]
[SourceDate "2011.11.24"]
[SourceVersion "1"]
[SourceVersionDate "2011.11.24"]
[SourceQuality "1"]

1. e4 c5 2. Nc3 e6 3. f4 a6 4. Nf3 d5 5. d3 b5 6. Bd2 c4 7. Qe2 Be7 8. exd5 exd5 9. Qe5 Nf6 10. d4 Nc6 11. Qe3 0-0 12. Be2 Bf5 13. Rc1 Re8 14. Ne5 Qb6 15. Nxc6 Qxc6 16. Qg1 Ne4 17. Nxe4 Bxe4 18. Qf2 b4 19. 0-0 c3 20. bxc3 bxc3 21. Be1 Ba3 22. Qg3 Bxc1 23. Bxc3 Ba3 24. f5 Bxf5 25. Rxf5 Rxe2 26. Qf3 Re7 27. Be1 Rxe1+ 0-1

[Event "Llinars del Valles op-B 4th"]
[Site "Llinars del Valles"]
[Date "2010.04.24"]
[Round "3"]
[White "Hernandez Martinez, Carlos"]
[Black "Jover Font, Pau"]
[Result "0-1"]
[WhiteElo "1570"]
[BlackElo "1733"]
[PlyCount "76"]
[EventDate "2010.04.10"]
[EventType "swiss"]
[EventRounds "7"]
[EventCountry "ESP"]
[SourceTitle "EXT 2012"]
[Source "ChessBase"]
[SourceDate "2011.11.24"]
[SourceVersion "1"]
[SourceVersionDate "2011.11.24"]
[SourceQuality "1"]

1. e4 e5 2. f4 exf4 3. Nf3 d6 4. Bc4 g5 5. 0-0 Bg7 6. c3 Nc6 7. d4 f6 8. Re1 Nge7 9. b4 Ng6 10. Qb3 a6 11. Bf7+ Kf8 12. Bxg6 hxg6 13. a4 g4 14. Nfd2 g5 15. Nf1 Qe8 16. Nbd2 Qh5 17. Qc4 Qf7 18. Qxf7+ Kxf7 19. Bb2 f5 20. b5 Ne7 21. e5 dxe5 22. dxe5 Be6 23. c4 Rhd8 24. Rec1 Ng6 25. Re1 Rd3 26. Rac1 Re8 27. c5 axb5 28. axb5 Rd5 29. b6 cxb6 30. cxb6 Bxe5 31. Bxe5 Nxe5 32. Rc7+ Re7 33. Rec1 Rdd7 34. Nb1 Nc6 35. Rxd7 Rxd7 36. Na3 Kf6 37. Nb5 Rd3 38. Rb1 Ne5 0-1